Killing patton : (Record no. 96359)

MARC details
000 -LEADER
fixed length control field 01159nam a22002777a 4500
005 - DATE AND TIME OF LATEST TRANSACTION
control field 20170825111114.0
010 ## - LCCN (DPL NO)
LC control number 1516ENO7 ENG-114966
020 ## - INTERNATIONAL STANDARD BOOK NUMBER
International Standard Book Number 9781447287452
Terms of availability 599.00
035 ## - SYSTEM CONTROL NUMBER
System control number EN-98498
035 ## - SYSTEM CONTROL NUMBER
System control number B-615070-078
035 ## - SYSTEM CONTROL NUMBER
System control number B-667748
037 ## - SOURCE OF ACQUISITION
Stock number DPL
Source of stock number/acquisition KKP/Ven
037 ## - SOURCE OF ACQUISITION
Source of stock number/acquisition DBAD/PUB
082 ## - DEWEY DECIMAL CLASSIFICATION NUMBER
Classification number 355.0092
100 ## - MAIN ENTRY--PERSONAL NAME
Personal name O'Reilly, Bill
245 ## - TITLE STATEMENT
Title Killing patton :
Statement of responsibility, etc by Bill O' Reilly [and] Martin Dugard
Remainder of title the strange death of World War II's most audacious general /
260 ## - PUBLICATION, DISTRIBUTION, ETC. (IMPRINT)
Place of publication, distribution, etc London
Name of publisher, distributor, etc Macmillan
Date of publication, distribution, etc 2015
270 ## - ADDRESS
City London
Address 20 New Wharf Road,
Postal code N I 9RR
300 ## - PHYSICAL DESCRIPTION
Extent 352p.:
Other physical details ill.,maps
Dimensions 24cm(pbk)
500 ## - GENERAL NOTE
General note Includes index
600 ## - SUBJECT ADDED ENTRY--PERSONAL NAME
Personal name Patton, George S. (George Smith), |d 1885-1945 |x Death and burial.
Dates associated with a name 1885-1945
General subdivision Death and burial.
700 ## - ADDED ENTRY--PERSONAL NAME
Personal name Dugard, Martin
942 ## - ADDED ENTRY ELEMENTS (KOHA)
Source of classification or shelving scheme Dewey Decimal Classification
Item type English Books
Call number suffix ORE
Classification part 355.0092
Holdings
Withdrawn status Lost status Not for loan Collection code Home library Current library Date acquired Source of acquisition Cost, normal purchase price Full call number Barcode Copy number Cost, replacement price Koha item type
      Non-fiction Ashok Vihar Ashok Vihar 25/08/2017 KKP/279/24.2.2017/394/15.2.2017/17.3.2017 599.00 355.0092 ORE B-667748 1 599.00 English Books
      Non-fiction Central Jail Tihar Central Jail Tihar 18/02/2016 DBAD/PUB 599.00 355.0092 ORE EN-98498 1 599.00 English Books
      Non-fiction Central Library Central Library 22/07/2016 BL70/01.10.2015/122/16.9.2015/4.11.2015 599.00 355.0092 ORE B-615070 1 599.00 English Books
      Non-fiction Janak Puri Janak Puri 22/07/2016 BL70/01.10.2015/122/16.9.2015/4.11.2015 599.00 355.0092 ORE B-615073 1 599.00 English Books
      Non-fiction Karol Bagh Karol Bagh 22/07/2016 BL70/01.10.2015/122/16.9.2015/4.11.2015 599.00 355.0092 ORE B-615077 1 599.00 English Books
      Non-fiction Kasturba Gandhi Marg Kasturba Gandhi Marg 22/07/2016 BL70/01.10.2015/122/16.9.2015/4.11.2015 599.00 355.0092 ORE B-615072 1 599.00 English Books
      Non-fiction Narela Narela 22/07/2016 BL70/01.10.2015/122/16.9.2015/4.11.2015 599.00 355.0092 ORE B-615078 1 599.00 English Books
      Non-fiction Patel Nagar Patel Nagar 22/07/2016 BL70/01.10.2015/122/16.9.2015/4.11.2015 599.00 355.0092 ORE B-615071 1 599.00 English Books
      Non-fiction R.K.Puram-8 R.K.Puram-8 22/07/2016 BL70/01.10.2015/122/16.9.2015/4.11.2015 599.00 355.0092 ORE B-615075 1 599.00 English Books
      Non-fiction Sarojini Nagar Sarojini Nagar 22/07/2016 BL70/01.10.2015/122/16.9.2015/4.11.2015 599.00 355.0092 ORE B-615074 1 599.00 English Books
      Non-fiction Vinoba Puri Vinoba Puri 22/07/2016 BL70/01.10.2015/122/16.9.2015/4.11.2015 599.00 355.0092 ORE B-615076 1 599.00 English Books

© Delhi Public Library
Hit Counter
free hit counter